| 000 | 01313nam a2200409 i 4500 | ||
|---|---|---|---|
| 999 |
_c23736 _d23736 |
||
| 001 | nkc20213313093 | ||
| 005 | 20250212123008.0 | ||
| 007 | ta | ||
| 008 | 210319s2021 xr a e f 000 0 cze | ||
| 020 |
_a9788088286226 _q(vázáno) : _cKč 249,00 |
||
| 035 | _a(OCoLC)1267680294 | ||
| 040 |
_aBOA001 _bcze _erda _csk |
||
| 072 | 7 |
_a64 _xDomácí hospodářství _2Konspekt |
|
| 080 |
_a64 _2MRF |
||
| 080 |
_a64.047 _2MRF |
||
| 080 |
_a641.55 _2MRF |
||
| 080 |
_a(035) _2MRF |
||
| 080 |
_a(083.12) _2MRF |
||
| 100 | 1 |
_aRozsypalová-Vykoupilová, Jarka, _d1975- _4aut _94347 |
|
| 245 | 1 | 0 |
_aBabské rady / _cJarka Rozsypalová-Vykoupilová |
| 250 | _aVydání první | ||
| 264 | 1 |
_aV Praze : _bRadioservis, _c2021 |
|
| 300 |
_a142 stran : _bbarevné ilustrace ; _c21 cm |
||
| 336 |
_atext _btxt _2rdacontent |
||
| 337 |
_abez média _bn _2rdamedia |
||
| 338 |
_asvazek _bnc _2rdacarrier |
||
| 650 | 0 | 7 |
_adomácnost _2czenas _94348 |
| 650 | 0 | 7 |
_adomácí práce _2czenas _94349 |
| 650 | 0 | 7 |
_ajídla _2czenas _94350 |
| 650 | 0 | 9 |
_ahousehold _2eczenas _94351 |
| 650 | 0 | 9 |
_ahouse works _2eczenas _94352 |
| 650 | 0 | 9 |
_ameals _2eczenas _94353 |
| 655 | 7 |
_apříručky _2czenas _91541 |
|
| 655 | 7 |
_akuchařské recepty _2czenas _91584 |
|
| 655 | 9 |
_ahandbooks and manuals _2eczenas _94354 |
|
| 655 | 9 |
_acookbooks _2eczenas _92420 |
|